| 000 -LEADER |
| fixed length control field |
01255cam a22002774a 4500 |
| 001 - CONTROL NUMBER |
| control field |
12082185 |
| 003 - CONTROL NUMBER IDENTIFIER |
| control field |
ASAB |
| 005 - DATE AND TIME OF LATEST TRANSACTION |
| control field |
20180118111212.0 |
| 008 - FIXED-LENGTH DATA ELEMENTS--GENERAL INFORMATION |
| fixed length control field |
000627s2000 at a b 001 0 eng |
| 010 ## - LIBRARY OF CONGRESS CONTROL NUMBER |
| LC control number |
00057900 |
| 020 ## - INTERNATIONAL STANDARD BOOK NUMBER |
| International Standard Book Number |
0643062602 |
| 040 ## - CATALOGING SOURCE |
| Transcribing agency |
ASAB |
| 042 ## - AUTHENTICATION CODE |
| Authentication code |
pcc |
| 050 00 - LIBRARY OF CONGRESS CALL NUMBER |
| Classification number |
SD399.7 |
| Item number |
.F65 2000 |
| 082 00 - DEWEY DECIMAL CLASSIFICATION NUMBER |
| Classification number |
333.95/3416 |
| Edition number |
21 |
| 245 00 - TITLE STATEMENT |
| Title |
Forest conservation genetics : |
| Remainder of title |
principles and practice / |
| Statement of responsibility, etc. |
A. Young, D. Boshier & T. Boyle (editors). |
| 260 ## - PUBLICATION, DISTRIBUTION, ETC. |
| Place of publication, distribution, etc. |
Collingwood, VIC, Australia : |
| Name of publisher, distributor, etc. |
CSIRO Pub. ; |
| Place of publication, distribution, etc. |
Wallingford, Oxon, U.K. : |
| Name of publisher, distributor, etc. |
CABI Pub., |
| Date of publication, distribution, etc. |
c2000. |
| 300 ## - PHYSICAL DESCRIPTION |
| Extent |
xiv, 352 p. : |
| Other physical details |
ill. ; |
| Dimensions |
27 cm. + |
| Accompanying material |
1 computer laser optical disc (4 3/4 in.) |
| 504 ## - BIBLIOGRAPHY, ETC. NOTE |
| Bibliography, etc. note |
Includes bibliographical references (p. 299-340). |
| 650 #0 - SUBJECT ADDED ENTRY--TOPICAL TERM |
| Topical term or geographic name entry element |
Forest germplasm resources conservation. |
| 9 (RLIN) |
8548 |
| 700 1# - ADDED ENTRY--PERSONAL NAME |
| Personal name |
Young, Andrew G. |
| Fuller form of name |
(Andrew Graham), |
| Dates associated with a name |
1965- |
| 9 (RLIN) |
8549 |
| 700 1# - ADDED ENTRY--PERSONAL NAME |
| Personal name |
Boshier, David. |
| 9 (RLIN) |
8550 |
| 700 1# - ADDED ENTRY--PERSONAL NAME |
| Personal name |
Boyle, Timothy James Butler, |
| Dates associated with a name |
1957- |
| 9 (RLIN) |
8551 |
| 906 ## - LOCAL DATA ELEMENT F, LDF (RLIN) |
| a |
7 |
| b |
cbc |
| c |
orignew |
| d |
1 |
| e |
ocip |
| f |
20 |
| g |
y-gencatlg |
| 942 ## - ADDED ENTRY ELEMENTS (KOHA) |
| Source of classification or shelving scheme |
|
| Koha item type |
Book |